| Поле | Название | Значение |
| |
Тип записи |
a |
| |
Библиографический уровень |
m |
| 001 |
Контрольный номер |
37429f81d2bb46bf98620df4b0ec1179 |
| 005 |
Дата корректировки |
20140610162623.5 |
| 010 |
Индекс ISBN |
__ |
| a |
ISBN |
978-5-394-00730-9 |
| 101 |
Язык документа |
0_ |
| a |
Язык текста |
rus |
| 102 |
Страна публикации |
__ |
| a |
Страна публикации |
RU |
| 200 |
Заглавие и сведения об ответственности |
1_ |
| a |
Заглавие |
Управление торговлей: теория, практика, инновации |
| e |
Сведения, относящиеся к заглавию |
материалы II Междунар. науч.-практ. конф., посвящ. 50-летию кафедр. товароведения, товарного консалтинга и аудита, коммерции и технологии торговли, 12-13 нояб. 2009 г. |
| f |
Первые сведения об ответственности |
АНО ВПО ЦС РФ РУК |
| 210 |
Выходные данные |
1_ |
| c |
Издательство |
Дашков и К |
| a |
Место издания |
М. |
| d |
Дата издания |
2009 |
| 215 |
Физическое описание |
__ |
| a |
Объем |
542, [2] с. |
| 610 |
Ключевые слова |
0_ |
| a |
Ключевые слова |
торговля |
| 610 |
Ключевые слова |
0_ |
| a |
Ключевые слова |
управление торговлей |
| 610 |
Ключевые слова |
0_ |
| a |
Ключевые слова |
товароведение продовольственных товаров |
| 610 |
Ключевые слова |
0_ |
| a |
Ключевые слова |
товароведение непродовольственных товаров |
| 610 |
Ключевые слова |
0_ |
| a |
Ключевые слова |
конференция |
| 686 |
Индексы других классификаций |
__ |
| a |
Классификационный индекс |
65.9(2)421-21я431 |
| 2 |
Код системы |
rubbk |
| 686 |
Индексы других классификаций |
__ |
| a |
Классификационный индекс |
30.609л3 |
| 2 |
Код системы |
rubbk |
| 686 |
Индексы других классификаций |
__ |
| a |
Классификационный индекс |
65.9(2)421.8я431 |
| 2 |
Код системы |
rubbk |
| 711 |
Наименование организации. (Альтернативная ответственность) |
02 |
| a |
Организация/ юрисдикция |
АНО ВПО ЦС РФ РУК |
| 801 |
Источник записи |
_0 |
| a |
Страна |
RU |
| b |
Организация |
РУК |
| c |
Дата составления |
20091214 |
| g |
Правила каталогизации |
PSBO |
| 801 |
Источник записи |
_1 |
| a |
Страна |
RU |
| b |
Организация |
РУК |
| c |
Дата составления |
20091214 |
| g |
Правила каталогизации |
PSBO |
| 852 |
Данные о местонахождении |
__ |
| i |
Авторский знак |
У 67 |
| j |
Шифр хранения |
ББК 65.9(2)421 |
| 901 |
Тип документа |
__ |
| t |
Тип документа |
m |
| 912 |
Принадлежность преподавателя к РУК |
__ |
| a |
Принадлежность преподавателя к РУК |
Преподаватель Головного вуза |
| 938 |
Служебная информация |
__ |
| a |
Название организации |
Головной вуз |
| b |
Имя БД |
BOOK |
| c |
Название АИБС |
АИБС ИРБИС |